00277nam a2200121Ia 4500008004100000082001500041100001300056245003000069250000900099260003100108300000800139650000800147191201s2011 xx 000 0 und d a658.3bRAH aRAO, VSP 0aHuman Resource Management aRep. aN.DelhibExcel Booksc2011 a839 aMBA